Elements by Atomic Number - Statistics

General Stats
  • This quiz has been taken 19 times
  • The average score is 16 of 20
Answer Stats
Hint Answer % Correct
2 Helium
100%
1 Hydrogen
100%
5 Boron
94%
4 Beryllium
88%
6 Carbon
88%
3 Lithium
88%
10 Neon
88%
7 Nitrogen
88%
8 Oxygen
88%
9 Fluorine
81%
12 Magnesium
81%
11 Sodium
81%
13 Aluminum
75%
17 Chlorine
75%
19 Potassium
69%
14 Silicon
69%
18 Argon
63%
20 Calcium
63%
16 Sulfur
63%
15 Phosphorous
19%
No matching quizzes found
Score Distribution
Percent of People with Each Score
Percentile by Number Answered
Your Score History
You have not taken this quiz